<?xml version="1.0" encoding="UTF-8"?>
<record
    xmlns:xsi="http://www.w3.org/2001/XMLSchema-instance"
    xsi:schemaLocation="http://www.loc.gov/MARC21/slim http://www.loc.gov/standards/marcxml/schema/MARC21slim.xsd"
    xmlns="http://www.loc.gov/MARC21/slim">

  <leader>01145aas a2200229   4500</leader>
  <datafield tag="952" ind1=" " ind2=" ">
    <subfield code="0">0</subfield>
    <subfield code="1">0</subfield>
    <subfield code="4">0</subfield>
    <subfield code="7">0</subfield>
    <subfield code="8">HEM</subfield>
    <subfield code="a">FUSBC</subfield>
    <subfield code="b">FUSBC</subfield>
    <subfield code="d">2016-01-26</subfield>
    <subfield code="l">0</subfield>
    <subfield code="o"> </subfield>
    <subfield code="r">2016-01-26 00:00:00</subfield>
    <subfield code="w">2016-01-26</subfield>
    <subfield code="y">ANA</subfield>
  </datafield>
  <datafield tag="999" ind1=" " ind2=" ">
    <subfield code="c">53772</subfield>
    <subfield code="d">53772</subfield>
  </datafield>
  <controlfield tag="001">768714001</controlfield>
  <controlfield tag="003">CO-MdFUSB</controlfield>
  <controlfield tag="005">20171114103818.0</controlfield>
  <controlfield tag="008">170804s1997    xxu||||| |||| 00| 0 eng d</controlfield>
  <datafield tag="022" ind1=" " ind2=" ">
    <subfield code="a">0098-9444</subfield>
  </datafield>
  <datafield tag="040" ind1=" " ind2=" ">
    <subfield code="a">CO-MdFUSB</subfield>
    <subfield code="b">spa</subfield>
    <subfield code="c">CO-MdFUSB</subfield>
    <subfield code="d">CO-MdFUSB</subfield>
  </datafield>
  <datafield tag="041" ind1=" " ind2=" ">
    <subfield code="a">spa</subfield>
  </datafield>
  <datafield tag="100" ind1=" " ind2=" ">
    <subfield code="a">Shanks, Hershel</subfield>
    <subfield code="e">autor</subfield>
  </datafield>
  <datafield tag="242" ind1="1" ind2="1">
    <subfield code="a">Picasso y publicaci&#xF3;n : </subfield>
    <subfield code="b">&#xBF;por qu&#xE9; est&#xE1; bien recolectar uno pero no el otro?</subfield>
  </datafield>
  <datafield tag="245" ind1="1" ind2="0">
    <subfield code="a">Picasso and post : </subfield>
    <subfield code="b">why is it all right to collect one but not the other?</subfield>
    <subfield code="c">/ Hershel Shanks</subfield>
  </datafield>
  <datafield tag="300" ind1=" " ind2=" ">
    <subfield code="a">Volumen 23. N&#xFA;mero 3 (1997), p&#xE1;gina 6</subfield>
    <subfield code="c">: 28 cm.</subfield>
  </datafield>
  <datafield tag="520" ind1="1" ind2=" ">
    <subfield code="a">&#xBF;Debe una pintura picasso importante estar en una colecci&#xF3;n privada? &#xBF;No es un elemento importante de nuestro patrimonio art&#xED;stico? &#xBF;No deber&#xED;a pertenecernos a todos nosotros, apreciar un disfrute y aprender de, en lugar de pertenecer a un &#xFA;nico individuo privado? En resumen, &#xBF;no deber&#xED;a estar en un museo p&#xFA;blico?</subfield>
  </datafield>
  <datafield tag="546" ind1=" " ind2=" ">
    <subfield code="a">Texto en ingl&#xE9;s</subfield>
  </datafield>
  <datafield tag="650" ind1=" " ind2="7">
    <subfield code="9">403</subfield>
    <subfield code="a">Excavaciones arqueol&#xF3;gicas</subfield>
  </datafield>
  <datafield tag="773" ind1="0" ind2=" ">
    <subfield code="t">Biblical Archaeology Review</subfield>
    <subfield code="0">49395</subfield>
    <subfield code="9">59490</subfield>
    <subfield code="g">Volumen 23. N&#xFA;mero 3 (1997), p&#xE1;gina 6</subfield>
    <subfield code="q">P&#xE1;gina 6</subfield>
  </datafield>
  <datafield tag="942" ind1=" " ind2=" ">
    <subfield code="c">ANA</subfield>
  </datafield>
</record>
